Southville International School and Colleges
Your cart is empty.
  • Cart
  • Lists
    Public lists Eva Luna New books Lux_list list_1
    Your lists Log in to create your own lists
  • Log in to your account
  • Your cookies
  • Search history
Southville International School and Colleges
  • Advanced search
  • Recent comments
  • Most popular
  • Libraries

Log in to your account

Log in with GOOGLE


If you do not have an external account, but do have a local account, you can still log in:

  1. Home
  2. MARC view: Filipino 2 :
Normal view MARC view ISBD view

Filipino 2 : (Record no. 276819)

[ view plain ]
MARC details
000 -LEADER
fixed length control field 00627nam a22001817a 4500
005 - DATE AND TIME OF LATEST TRANSACTION
control field 20141119135158.0
008 - FIXED-LENGTH DATA ELEMENTS--GENERAL INFORMATION
fixed length control field 141119b xxu||||| |||| 00| 0 eng d
020 ## - INTERNATIONAL STANDARD BOOK NUMBER
International Standard Book Number 971685644X
050 ## - LIBRARY OF CONGRESS CALL NUMBER
Classification number PL 5517
Item number .J63 2005
100 ## - MAIN ENTRY--PERSONAL NAME
Personal name Jocson, Magdalena O.
245 ## - TITLE STATEMENT
Title Filipino 2 :
Remainder of title pagbasa at apagsulat tungo sa pananaliksik /
Statement of responsibility, etc Magdalena O. Jocson, Patrocinio V. Villafuerte, and Cid V. Alcaraz.
260 ## - PUBLICATION, DISTRIBUTION, ETC. (IMPRINT)
Place of publication, distribution, etc Quezon City, Philippines :
Name of publisher, distributor, etc Lorimar Publishing Inc.,
Date of publication, distribution, etc c2005.
300 ## - PHYSICAL DESCRIPTION
Extent 186 pages :
Other physical details illustrations ;
Dimensions 24 cm.
521 ## - TARGET AUDIENCE NOTE
Target audience note Education
650 ## - SUBJECT ADDED ENTRY--TOPICAL TERM
Topical term or geographic name as entry element Filipino Laguage.
650 ## - SUBJECT ADDED ENTRY--TOPICAL TERM
Topical term or geographic name as entry element Teaching.
942 ## - ADDED ENTRY ELEMENTS (KOHA)
Source of classification or shelving scheme Library of Congress Classification
Koha item type Books
Call number prefix Filipininana
Holdings
Withdrawn status Lost status Source of classification or shelving scheme Damaged status Home library Current library Shelving location Date acquired Sub Shelving location Total Checkouts Full call number Barcode Date last seen Price effective from Koha item type
    Library of Congress Classification   College Library College Library Filipiniana Section 11/19/2014     PL 5517 .J63 2005 C18938 05/08/2018 11/19/2014 Books

Filipino 2 :

APA

Jocson M. O., . (2005). Filipino 2. Quezon City, Philippines: Lorimar Publishing Inc.

Chicago

Jocson Magdalena O, . 2005. Filipino 2. Quezon City, Philippines: Lorimar Publishing Inc.

Harvard

Jocson M. O., . (2005). Filipino 2. Quezon City, Philippines: Lorimar Publishing Inc.

MLA

Jocson Magdalena O, . Filipino 2. Quezon City, Philippines: Lorimar Publishing Inc. 2005.

  • Place hold
  • Print
  • Cite
  • Add to your cart (remove)
  • Save record
    BIBTEX Dublin Core MARCXML MARC (non-Unicode/MARC-8) MARC (Unicode/UTF-8) MARC (Unicode/UTF-8, Standard) MODS (XML) RIS
  • More searches
    Search for this title in:
    Other Libraries (WorldCat) Other Databases (Google Scholar) Online Stores (Bookfinder.com) Open Library (openlibrary.org)

Exporting to Dublin Core...

SOUTHVILLE LIBRARY

Southville International School and Colleges Library

1281 Tropical Ave. Cor. Luxembourg St., BF Homes International, Las Pinas City

Tel. No. 8256374 / 252358 Loc. 117/146

Powered by Koha